| 000 | 01074nas a2200349 4500 | ||
|---|---|---|---|
| 001 | BR2016001029 | ||
| 003 | BR-BrBNA | ||
| 005 | 20231205130221.0 | ||
| 007 | ta | ||
| 008 | 230509b bl.|||p| |||| 00| 00por d | ||
| 040 |
_aBR-BrBNA _bpor _cBiblioteca Nacional de Agricultura |
||
| 041 | _a(Pt) | ||
| 072 | _aL51 | ||
| 100 | 1 | _aSoares, A.C.M. | |
| 100 | 1 | _aBastos, G.A. | |
| 100 | 1 | _aFerreira, M.G. | |
| 100 | 1 | _aDuarte, E.R. | |
| 100 | 1 | _aGeraseev, L.C. | |
| 100 | 1 | _aOliveira, N.J.F. de | |
| 245 | 1 | _aRelação albumina globulina de bezerras holandesas criadas em dois sistemas de aleitamento | |
| 650 | _aBOVINO | ||
| 650 | _aBIOQUIMICA ANIMAL | ||
| 650 | _aNUTRICAO ANIMAL | ||
| 650 | _aSANGUE | ||
| 650 | _aANALISE | ||
| 650 | _aMETABOLISMO | ||
| 650 | _aALEITAMENTO | ||
| 773 | 0 |
_tCaderno de Ciências Agrárias (Brazil) _xISSN 2447-6218 _g(Jan-Apr 2015), v. 7(1 Supl. 2) p. 126-130 _wBR2016001029 |
|
| 856 | 4 | 0 | _uhttps://seer.ufmg.br/index.php/ccaufmg/article/view/1278/962 |
| 909 |
_a202311 _bLúcia _c55 _dLúcia Elande |
||
| 942 |
_2AGRIS _n0 _cANA |
||
| 999 |
_c248307 _d248307 |
||